02011cam a22002414a 4500020002500000082001800025245004400043250001300087260006000100300003200160500008600192505128800278650001001566650001501576650002501591650002301616650001101639650004201650700001601692700002101708700001901729700002101748 a9780702034077 (pbk.)00a616.07661 DAC00aDacie and Lewis practical haematology / a11th ed. aPhiladelphia :bChurchill Livingstone/Elsevier,cc2006. axiii, 653 p. :bcol. ill. ; aRev. ed. of: Practical haematology / Sir John V. Dacie, S.M. Lewis. 8th ed. 1995.0 aCollection and handling of blood -- Reference ranges and normal values -- Basic haematological techniques -- Preparation and staining methods for blood and bone marrow films -- Blood cell morphology in health and disease -- Bone marrow biopsy -- Iron deficiency anaemia and iron overload -- Investigation of megaloblastic anaemia-cobalamin, folate, and metabolite status -- Laboratory methods used in the investigation of the haemolytic anaemias -- Investigation of the hereditary haemolytic anaemias: membrane and enzyme abnormalities -- Acquired haemolytic anaemias -- Investigation of abnormal haemoglobins and thalassaemia -- Erythrocyte and leucocyte cytochemistry -- Immunophenotyping -- Diagnostic radioisotopes in haematology -- Investigation of haemostasis -- Investigation of a thrombotic tendency -- Laboratory control of anticoagulant, thrombolytic, and antiplatelet therapy -- Blood cell antigens and antibodies: erythrocytes, platelets, and granulocytes -- Laboratory aspects of blood transfusion -- Molecular and cytogenetic analysis -- Miscellaneous tests -- Approach to the diagnosis and classification of blood diseases -- Laboratory organization and management -- Laboratory safety -- Quality assurance -- Haematology in under-resourced laboratories -- Appendices. 0aBlood 0aHematology12aHematologic Diseases12aHematologic Tests.22aBlood.22aLaboratory Techniques and Procedures.1 aLaffan,Mike1 aBain, Barbara J.1 aBates, Imelda.1 aLewis,Mitchell.S